<?xml version="1.0" encoding="UTF-8"?>
<record
    xmlns:xsi="http://www.w3.org/2001/XMLSchema-instance"
    xsi:schemaLocation="http://www.loc.gov/MARC21/slim http://www.loc.gov/standards/marcxml/schema/MARC21slim.xsd"
    xmlns="http://www.loc.gov/MARC21/slim">

  <leader>03840nab a22007577  4500</leader>
  <controlfield tag="003">AR-RoUNA</controlfield>
  <datafield tag="022" ind1=" " ind2=" ">
    <subfield code="a">0327-9022</subfield>
  </datafield>
  <datafield tag="040" ind1=" " ind2=" ">
    <subfield code="a">AR-RoUNA</subfield>
    <subfield code="b">spa</subfield>
  </datafield>
  <datafield tag="041" ind1=" " ind2=" ">
    <subfield code="a">spa</subfield>
  </datafield>
  <datafield tag="044" ind1=" " ind2=" ">
    <subfield code="a">ag</subfield>
  </datafield>
  <datafield tag="245" ind1=" " ind2=" ">
    <subfield code="a">Summa+ /</subfield>
    <subfield code="b">Elocuencia Muraria</subfield>
  </datafield>
  <datafield tag="260" ind1=" " ind2=" ">
    <subfield code="a">Buenos Aires (Argentina):</subfield>
    <subfield code="c">Donn SA,</subfield>
    <subfield code="b">1993.</subfield>
  </datafield>
  <datafield tag="300" ind1=" " ind2=" ">
    <subfield code="a">136 p. :</subfield>
    <subfield code="b">il. byn.</subfield>
    <subfield code="b">planos</subfield>
    <subfield code="c">34X25 cm.</subfield>
  </datafield>
  <datafield tag="505" ind1="0" ind2=" ">
    <subfield code="t">INDICE</subfield>
  </datafield>
  <datafield tag="505" ind1="0" ind2=" ">
    <subfield code="a">Valeria Matayoshi, Magdalena Tagliabue y Mart&#xED;n Di Peco / Elocuencia Muraria. p. 1</subfield>
  </datafield>
  <datafield tag="505" ind1="0" ind2=" ">
    <subfield code="t">CARTELERA</subfield>
  </datafield>
  <datafield tag="505" ind1="0" ind2=" ">
    <subfield code="a">Fernando Diez / La Materia del Espacio. p. 8</subfield>
  </datafield>
  <datafield tag="505" ind1="0" ind2=" ">
    <subfield code="t">SENDERO VITAL</subfield>
  </datafield>
  <datafield tag="505" ind1="0" ind2=" ">
    <subfield code="a">Aires Mateus Arqs. / Hogar para personas mayores en Alc&#xE1;cer Do Sal, Alentejo, Portugal, 2010. p. 10</subfield>
  </datafield>
  <datafield tag="505" ind1="0" ind2=" ">
    <subfield code="t">ENSE&#xD1;ANZA ELEMENTAL</subfield>
  </datafield>
  <datafield tag="505" ind1="0" ind2=" ">
    <subfield code="a">Aires Mateus Arqs. / Escuela en Villa Nova Da Barquinha, Villa Nova Da Barquinha, Santar&#xE9;m, Portugal, 2011. p. 18</subfield>
  </datafield>
  <datafield tag="505" ind1="0" ind2=" ">
    <subfield code="t">ENCIERRO EXTERIOR</subfield>
  </datafield>
  <datafield tag="505" ind1="0" ind2=" ">
    <subfield code="a">Aires Mateus Arqs. / Casa en Costa Alentejana, Portugal, 2015. p. 26</subfield>
  </datafield>
  <datafield tag="505" ind1="0" ind2=" ">
    <subfield code="t">CONTENEDOR CONTENIDO</subfield>
  </datafield>
  <datafield tag="505" ind1="0" ind2=" ">
    <subfield code="a">Aires Mateus Arqs. / Centro Comunitario de Gr&#xE1;ndola, Portugal, 2016. p. 32</subfield>
  </datafield>
  <datafield tag="505" ind1="0" ind2=" ">
    <subfield code="a">Louise Noelle / Los Muros de Ricardo Legorreta. p. 38</subfield>
  </datafield>
  <datafield tag="505" ind1="0" ind2=" ">
    <subfield code="t">HORMIG&#xD3;N E HIDROPON&#xCD;A</subfield>
  </datafield>
  <datafield tag="505" ind1="0" ind2=" ">
    <subfield code="a">CC Arqs. / Planta Hidrop&#xF3;nica Next, Le&#xF3;n, Guanajuato, M&#xE9;xico, 2014. p. 44</subfield>
  </datafield>
  <datafield tag="505" ind1="0" ind2=" ">
    <subfield code="t">MURALLAS Y JARDINES</subfield>
  </datafield>
  <datafield tag="505" ind1="0" ind2=" ">
    <subfield code="a">Taller - Mauricio Rocha + Gabriela Carrillo / Juzgados Oral-Penal en P&#xE1;tzcuaro Michoac&#xE1;n, M&#xE9;xico, 2015. p. 52</subfield>
  </datafield>
  <datafield tag="505" ind1="0" ind2=" ">
    <subfield code="t">RUGOSIDAD Y SUPERFICIE, Magdalena Tagliabue. p. 60</subfield>
  </datafield>
  <datafield tag="505" ind1="0" ind2=" ">
    <subfield code="t">EN DI&#xC1;LOGO CON EL ORNAMENTO</subfield>
  </datafield>
  <datafield tag="505" ind1="0" ind2=" ">
    <subfield code="a">Barozzi Veiga / Museo de Bellas Artes, B&#xFC;ndner Kunstmuseum, Coira, Suiza, 2016. p. 62</subfield>
  </datafield>
  <datafield tag="505" ind1="0" ind2=" ">
    <subfield code="t">FACHADA CER&#xC1;MICA</subfield>
  </datafield>
  <datafield tag="505" ind1="0" ind2=" ">
    <subfield code="a">Machado Silvetti / Centro de Arte Asi&#xE1;tico del Museo de Arte Ringling, Sarasota, Florida, Estados Unidos, 2016. p. 68</subfield>
  </datafield>
  <datafield tag="505" ind1="0" ind2=" ">
    <subfield code="t">ENTRE VEGETACI&#xD3;N, LADRILLOS Y FOTOGRAF&#xCD;A</subfield>
  </datafield>
  <datafield tag="505" ind1="0" ind2=" ">
    <subfield code="a">Arquitectos Associados / Galer&#xED;a Claudia Andujar, Brumadinho, Minas Gerais, Brasil, 2015. p.74</subfield>
  </datafield>
  <datafield tag="505" ind1="0" ind2=" ">
    <subfield code="t">LA PROCESI&#xD3;N VA POR DENTRO, Mart&#xED;n Di Peco. p. 80</subfield>
  </datafield>
  <datafield tag="505" ind1="0" ind2=" ">
    <subfield code="t">ESTAR M&#xC1;S ALL&#xC1;</subfield>
  </datafield>
  <datafield tag="505" ind1="0" ind2=" ">
    <subfield code="a">Valerio Olgiati / Villa Al&#xE9;m, Alentejo, Portugal, 2014. p. 82</subfield>
  </datafield>
  <datafield tag="505" ind1="0" ind2=" ">
    <subfield code="t">SILENCIO AL TACO</subfield>
  </datafield>
  <datafield tag="505" ind1="0" ind2=" ">
    <subfield code="a">Taco, Taller de arquitectura contextual / Casa Gabriela, M&#xE9;rida, M&#xE9;xico, 2015. p. 88</subfield>
  </datafield>
  <datafield tag="505" ind1="0" ind2=" ">
    <subfield code="t">M&#xC1;S QUE &#xD1;A SUMA DE LAS PARTES</subfield>
  </datafield>
  <datafield tag="505" ind1="0" ind2=" ">
    <subfield code="a">Alberto Campo Baeza / Casa Cala, Madrid Arvaca, Espa&#xF1;a, 2015. p. 94</subfield>
  </datafield>
  <datafield tag="505" ind1="0" ind2=" ">
    <subfield code="t">PRETEXTOS PARA EL SILENCIO, Fabi&#xE1;n Gabriel P&#xE9;rez. p. 104</subfield>
  </datafield>
  <datafield tag="505" ind1="0" ind2=" ">
    <subfield code="t">(EN)CALLADA EN EL BOSQUE</subfield>
  </datafield>
  <datafield tag="505" ind1="0" ind2=" ">
    <subfield code="a">Antonio Carrasco / Casa MC - 603, Costa Esmeralda, Buenos Aires, Argentina, 2016. p. 108</subfield>
  </datafield>
  <datafield tag="505" ind1="0" ind2=" ">
    <subfield code="t">DOS PRISMAS EN EL HORIZONTE</subfield>
  </datafield>
  <datafield tag="505" ind1="0" ind2=" ">
    <subfield code="a">Esteban Barrera, Javier Lozada / Casa GPL, Calle P&#xFA;blica S/N, La Serena, Mediolaza, C&#xF3;rdoba, Argentina, 2015. p. 112</subfield>
  </datafield>
  <datafield tag="505" ind1="0" ind2=" ">
    <subfield code="t">SOLO UN QUIEBRE</subfield>
  </datafield>
  <datafield tag="505" ind1="0" ind2=" ">
    <subfield code="a">Carlos Galindez, Santiago Alric, Federico Lloveras / Casa H21, Pacheco Golf Club, Pacheco, Provincia de Buenos Aires, Argentina, 2013. p. 116</subfield>
  </datafield>
  <datafield tag="505" ind1="0" ind2=" ">
    <subfield code="t">ARTE AMPLIADO</subfield>
  </datafield>
  <datafield tag="505" ind1="0" ind2=" ">
    <subfield code="t">UN ARCHIVO DE VIVIENDA MODERNA</subfield>
  </datafield>
  <datafield tag="505" ind1="0" ind2=" ">
    <subfield code="t">EDUCANDO ARQUITECTOS</subfield>
  </datafield>
  <datafield tag="505" ind1="0" ind2=" ">
    <subfield code="a">Gustavo Alonso Serafin / Kenneth Frampton y sus ense&#xF1;anazas de arquitectura. p. 126</subfield>
  </datafield>
  <datafield tag="505" ind1="0" ind2=" ">
    <subfield code="a">Ignacio Ros de Olano / Ljubljana en el papel. p. 129</subfield>
  </datafield>
  <datafield tag="505" ind1="0" ind2=" ">
    <subfield code="a">Mario Sabugo / Santayana y La Marmota. p. 130</subfield>
  </datafield>
  <datafield tag="505" ind1="0" ind2=" ">
    <subfield code="a">Roberto Fern&#xE1;ndez / Marshall Mcluhan: arqueolog&#xED;a de la ciudad medi&#xE1;tica. p. 131</subfield>
  </datafield>
  <datafield tag="505" ind1="0" ind2=" ">
    <subfield code="a">Marita Iravedra / Homenaje a Vera Spinadel. p. 132</subfield>
  </datafield>
  <datafield tag="650" ind1=" " ind2=" ">
    <subfield code="2">Arquitectura contepor&#xE1;nea</subfield>
  </datafield>
  <datafield tag="773" ind1="0" ind2=" ">
    <subfield code="a">Summa+</subfield>
    <subfield code="d">Buenos Aires, Argentina</subfield>
    <subfield code="g">N&#xBA;159 (sep; 2017), p. 132</subfield>
    <subfield code="x">0327-9022</subfield>
  </datafield>
  <datafield tag="908" ind1=" " ind2=" ">
    <subfield code="a">Imp</subfield>
  </datafield>
  <datafield tag="942" ind1=" " ind2=" ">
    <subfield code="2">udc</subfield>
    <subfield code="c">ART</subfield>
  </datafield>
  <datafield tag="945" ind1=" " ind2=" ">
    <subfield code="d">2022-07-08</subfield>
  </datafield>
  <datafield tag="980" ind1=" " ind2=" ">
    <subfield code="6">138</subfield>
    <subfield code="a">Carolina Rainero</subfield>
    <subfield code="8">138</subfield>
    <subfield code="g">Carolina Rainero</subfield>
  </datafield>
  <datafield tag="999" ind1=" " ind2=" ">
    <subfield code="c">12314</subfield>
    <subfield code="d">12314</subfield>
  </datafield>
  <datafield tag="952" ind1=" " ind2=" ">
    <subfield code="0">0</subfield>
    <subfield code="1">0</subfield>
    <subfield code="2">udc</subfield>
    <subfield code="4">0</subfield>
    <subfield code="7">0</subfield>
    <subfield code="a">AR-RoUNA</subfield>
    <subfield code="b">AR-RoUNA</subfield>
    <subfield code="d">2025-12-09</subfield>
    <subfield code="l">0</subfield>
    <subfield code="p">1002901</subfield>
    <subfield code="r">2025-12-09</subfield>
    <subfield code="t">ej. 1</subfield>
    <subfield code="w">2025-12-09</subfield>
    <subfield code="y">ART</subfield>
    <subfield code="k">K6</subfield>
    <subfield code="x"></subfield>
  </datafield>
</record>
